01229 a2200241 4500003000500000005001700005040000900022082001000031100004900041245012400090260004000214300001700254505021900271538003100490650001300521651001100534942000800545999001900553952010400572952010400676952010400780952010300884Nust20170207153155.0 cNust a005.8 aAslam , Lieut Commander Muhammad ( MSIS-4) aEnhancement of security framework for mobile agent based intrusion detection systemcLieut Commander Muhammad Aslam  bMCS (NUST)cApril, 2009aRawalpindi aviii, 51,p.; aIntroduction (page-2) Mobile agent based intrusion detection systems (page-5)Security issue in existing mobile agent-based intrusion detection systems (page-190 Proposed architecture (page-29) Future work (page-47) a Almirah No.70 Shelf No.4 aPGThesis aMSIS-4 cTHS c180744d180744 00102ddc40708NFICaMCSbMCSd2016-12-12l0o005.8 ASLpMCSTIS-101r2016-12-08w2016-12-12yBK 00102ddc40708NFICaMCSbMCSd2016-12-12l0o005.8 ASLpMCSTIS-133r2016-12-08w2016-12-12yBK 00102ddc40708NFICaMCSbMCSd2016-12-12l0o005.8 ASLpMCSTIS-152r2016-12-08w2016-12-12yBK 00102ddc40708NFICaMCSbMCSd2016-12-12l0o005.8 ASLpMCSTIS-48r2016-12-08w2016-12-12yBK